| 000 | 01276cam a22002891 4500 | ||
|---|---|---|---|
| 001 | hew63000090 | ||
| 003 | DLC | ||
| 005 | 20260227111512.0 | ||
| 008 | 761029s1963 dcu f000 0 eng | ||
| 010 | _ahew63000090 | ||
| 035 | _a(OCoLC)2539279 | ||
| 040 |
_aDLC _cNhPlS _dOCoLC _dISS _dOCoLC _dDLC |
||
| 050 | 0 | 0 |
_aL111 _b.A6 1963, no. 41 |
| 051 |
_aLB1028 _b.S2 |
||
| 086 | 0 | _aFS 5.214:14093 | |
| 100 | 1 | _aSandven, Johannes. | |
| 245 | 1 | 0 | _aEducational research in Norway in the twentieth century. |
| 260 |
_a[Washington] _bU.S. Dept. of Health, Education, and Welfare, Office of Education; [for sale by the Superintendent of Documents, U.S. Govt. Print Off., _c1963] |
||
| 300 |
_av, 31 p. _c24 cm. |
||
| 410 | 1 | 0 |
_aUnited States. _bOffice of Education. _tBulletin, _v1963, no. 41. |
| 490 | 1 | _aStudies in comparative education | |
| 500 | _a"OE-14093" | ||
| 501 |
_aCopies 1 and 4 of L111.A6 with: Visually handicapped child at home and school / John Walker Jones. Washington : U.S. Dept. of Health, Education and Welfare, Office of Education, 1963. Bound together subsequent to publication. _5DLC |
||
| 504 | _aBibliography: p. 25-31. | ||
| 650 | 0 |
_aEducation _xResearch _zNorway. |
|
| 810 | 1 |
_aUnited States. _bOffice of Education. _tStudies in comparative education. |
|
| 999 |
_c34429 _d34429 |
||